| 000 | 04584cam a2200373 i 4500 | ||
|---|---|---|---|
| 001 | 17780601 | ||
| 003 | Nust- CAS-E | ||
| 005 | 20180118181411.0 | ||
| 008 | 130617s2014 njua b 001 0 eng | ||
| 010 | _a 2013020446 | ||
| 020 | _a9781118389980 (hardback) | ||
| 040 |
_aDLC _beng _cDLC _erda _dDLC |
||
| 042 | _apcc | ||
| 050 | 0 | 0 |
_aTD758 _b.J47 2014 |
| 082 | 0 | 0 |
_a628.165 _223 _bJEN-A 2014 |
| 084 |
_aTEC010000 _2bisacsh |
||
| 100 | 1 |
_aJenkins, Thomas E., _d1950- |
|
| 245 | 1 | 0 |
_aAeration control system design : _ba practical guide to energy and process optimization / _cThomas E. Jenkins, PE, JenTech Inc. |
| 250 | _aFirst edition. | ||
| 300 |
_axxii, 491 pages : _billustrations ; _c24 cm |
||
| 502 | _a0 | ||
| 504 | _aIncludes bibliographical references (pages 485-486) index. | ||
| 505 | 8 | _aMachine generated contents note: Foreword Acknowledgements List of Figures Chapter 1: Introduction 1.1 Basic Concepts and Objectives 1.2 Safety 1.3 The Importance of an Integrated Approach 1.4 Importance of Operator Involvement 1.5 The Benefits of Successful Aeration Process Automation Chapter 2: Initial System Assessment 2.1 Define Current Operations 2.2 Evaluate Process and Equipment 2.3 Benchmark Performance 2.4 Estimate Potential Energy Savings and Performance Improvement 2.5 Prepare Report Chapter 3: Aeration Processes 3.1 Process Fundamentals 3.2 Loading Variations and Their Implications 3.3 Process Limitations and Their Impact on Control Systems Chapter 4: Mechanical and Diffused Aeration Systems 4.1 Oxygen Transfer Basics 4.2 Types of Aerators 4.3 Savings Determinations Chapter 5: Blowers and Blower Control 5.1 Common Application and Selection Concern s 5.2 Positive Displacement Blowers and Control Characteristics 5.3 Dynamic Blowers Chapter 6: Piping Systems 6.1 Design Considerations 6.2 Pressure Drop 6.3 Control Valve Selection Chapter 7: Instrumentation 7.1 Common Characteristics and Electrical Design Considerations 7.2 Pressure 7.3 Temperature 7.4 Flow 7.5 Analytic Instruments 7.6 Motor Monitoring and Electrical Measurement s 7.7 Miscellaneous Chapter 8: Final Control Elements 8.1 Valve Operators 8.2 Guide Vanes 8.3 Motor Basics 8.4 Motor Control 8.5 Variable Frequency Drives Chapter 9: Control Loops and Algorithms 9.1 Control Fundamentals 9.2 Dissolved Oxygen Control 9.3 Aeration Basin Air Flow Contro l 9.4 Pressure Control 9.5 Most-Open-Valve Control 9.6 Blower Control and Coordination 9.7 Control Loop Timing Considerations 9.8 Miscellaneous Controls Chapter 10: Control Components 10.1 Programmable Logic Controllers 10.2 Distributed Control Systems 10.3 Human Machine Interfaces 10.4 Control Panel Design Considerations Chapter 11: Documentation 11.1 Specification Considerations 11.2 Data Lists 11.3 Process and Instrumentation Diagrams 11.4 Ladder and Loop Diagrams 11.5 One-Line Diagrams 11.6 Installation Drawings 11.7 Loop Descriptions 11.8 Operation and Maintenance Manuals Chapter 12: Commissioning 12.1 Inspection 12.2 Testing 12.3 Tuning 12.4 Training 12.5 Measurement and Verification of Results Chapter 13: Summary 13.1 Review of Integrated Design Procedure 13.2 Potential Problem Areas 13.3 Benefit s Appendix A: Example Problem Solutions Appendix B: List of Equations and Variables Bibliography . | |
| 520 | _a"Proper engineering and execution of aeration control systems is of prime importance to treatment plants, representing a significant savings in labor and energy costs. Taking an integrated, cross-disciplinary approach to this critical process, Aeration Control System Design comprehensively addresses the concept and system design of aeration activated wastewater treatment. Covering complete treatment of aeration system controls, processes, and instrumentation, this hands-on text provides civil and environmental engineers, mechanical engineers, and electrical/instrumentation engineers with theoretical and mathematical treatment of case histories, complete with design procedures and analysis methodology"-- | ||
| 650 | 0 |
_aSewage _xPurification _xAeration. |
|
| 650 | 0 |
_aWater _xAeration. |
|
| 650 | 0 | _aSupervisory control systems. | |
| 650 | 0 |
_aSewage disposal plants _xEnergy conservation. |
|
| 650 | 7 |
_aTECHNOLOGY & ENGINEERING / Environmental / General. _2bisacsh |
|
| 776 | 0 | 8 |
_iOnline version: _aJenkins, Thomas E., 1950- _tAeration control system design _bFirst edition. _dHoboken, New Jersey : John Wiley and Sons, Inc., 2013 _z9781118777633 _w(DLC) 2013025346 |
| 906 |
_a7 _bcbc _corignew _d1 _eecip _f20 _gy-gencatlg |
||
| 942 |
_2ddc _cBK |
||
| 999 |
_c355707 _d355707 |
||